| 000 | 00944nam a22002177a 4500 | ||
|---|---|---|---|
| 999 |
_c2609 _d2609 |
||
| 003 | AR-CdUCM | ||
| 008 | 190305b ||||| |||| 00| 0 spa d | ||
| 040 |
_aMUNICIPALIDAD PROVINCIAL DEL CUSCO _cBIBLIOTECA MUNICIPAL DEL CUSCO |
||
| 082 |
_a498 / _bC86 |
||
| 100 |
_aCovarrubias C., J. Humberto _99193 |
||
| 245 | _aFonética y Fonología de la Lengua Quechua Imperial del Qosqo / | ||
| 260 |
_aCusco : _bMunicipalidad del Qosqo, _c1992. |
||
| 300 |
_a99 páginas ; _bfiguras, _c20 cm. |
||
| 500 | _aDespués del titulo, Miembro de número de la Academia Mayor e la Lengua Quechua. | ||
| 505 | _aContenido: Fonética y fonología Quechua -- Fonética articulatoria-producción del sonido -- Inventario fonológico del Quechua Imperial -- Clasificación de las vocales -- Consonantes-clasificación ... | ||
| 650 |
_aLengua Quechua _99194 |
||
| 650 |
_aCusco _9772 |
||
| 650 |
_aAmérica del Sur _9742 |
||
| 942 |
_2ddc _cLIBROS |
||
| 945 | _aachl | ||